000 00614nam a22002177a 4500
003 UA-OsUOA
001 69585
007 ta
008 20100629b un ||||| |||| 00| 0 ukr d
100 _aГрабовський С.
090 _a32
_bГ75
942 _cSA
040 _aUA-OsUOA
_bukr
_cUA-OsUOA
_dUA-OsUOA
245 _aУ пошуках "нових і правдивих законів" Український конституціоналізм ХІХ століття
300 _aС.11
955 _a0
041 _aukr
080 _a32
773 0 _w69582
650 7 _a32 Політика
_2UDC
999 _c355846
_d355846